书目信息 |
| 题名: |
纵论中国工程勘察设计咨询业的发展道路
|
|
| 作者: | 吴奕良 编著 | |
| 分册: | ||
| 出版信息: | 北京 中国轻工业出版社 2012 |
|
| 页数: | 12,344页 | |
| 开本: | 26cm | |
| 丛书名: | ||
| 单 册: | ||
| 中图分类: | F426.1 | |
| 科图分类: | ||
| 主题词: | 工程地质勘察--Gong Cheng Di Zhi Kan Cha--科技咨询业--发展--研究--中国 | |
| 电子资源: | ||
| ISBN: | 978-7-5019-8965-2 | |
| 000 | 01037nam0 22002291 450 | |
| 001 | 351044 | |
| 005 | 20161011165653.96 | |
| 010 | @a978-7-5019-8965-2@b精装@dCNY160.00 | |
| 100 | @a20121108d2012 em y0chiy50 ea | |
| 101 | 0 | @achi |
| 102 | @aCN@b110000 | |
| 105 | @ay z 000yy | |
| 106 | @ar | |
| 200 | 1 | @a纵论中国工程勘察设计咨询业的发展道路@AZong Lun Zhong Guo Gong Cheng Kan Cha She Ji Zi Xun Ye De Fa Zhan Dao Lu@f吴奕良等编著 |
| 210 | @a北京@c中国轻工业出版社@d2012 | |
| 215 | @a12,344页@d26cm | |
| 330 | @a本书从发展、改革、管理、创新、人才、法规六个方面论述了我国工程勘察设计咨询行业在工业化、信息化、城镇化、市场化、国际化深入发展的新形势下肩负的时代责任和历史使命,同时还对深化行业改革、转变发展方式、调整企业结构、创新科技体制、实施人才战略、完善法规建设和企业文化建设等主要课题进行了分析和研究。 | |
| 606 | 0 | @a工程地质勘察@AGong Cheng Di Zhi Kan Cha@x科技咨询业@x发展@x研究@y中国 |
| 690 | @aF426.1@v5 | |
| 701 | 0 | @a吴奕良@AWu Yi Liang@4编著 |
| 801 | 0 | @aCN@bTANGWEI@c20160811 |
| 905 | @b0892857-9@dF426.1@e146@f3 | |
| 纵论中国工程勘察设计咨询业的发展道路/吴奕良等编著 .-北京:中国轻工业出版社,2012 |
| 12,344页;26cm |
| ISBN 978-7-5019-8965-2(精装):CNY160.00 |
| 本书从发展、改革、管理、创新、人才、法规六个方面论述了我国工程勘察设计咨询行业在工业化、信息化、城镇化、市场化、国际化深入发展的新形势下肩负的时代责任和历史使命,同时还对深化行业改革、转变发展方式、调整企业结构、创新科技体制、实施人才战略、完善法规建设和企业文化建设等主要课题进行了分析和研究。 |
| ● |
| 相关链接 |
|
|
|
|
正题名:纵论中国工程勘察设计咨询业的发展道路
索取号:F426.1/146
 
预约/预借
| 序号 | 登录号 | 条形码 | 馆藏地/架位号 | 状态 | 备注 |
| 1 | 0892857 | 208928570 | 第一样本阅览室/ [索取号:F426.1/146] | 在馆 | |
| 2 | 0892858 | 208928589 | 密集书库-海洋学院/ [索取号:F426.1/146] | 在馆 | |
| 3 | 0892859 | 208928598 | 第一借阅区/ [索取号:F426.1/146] | 在馆 |